| 000 | 00642nam a2200193 i 4500 | ||
|---|---|---|---|
| 001 | 130131 | ||
| 003 | ES-MaACL | ||
| 005 | 20231027063022.0 | ||
| 007 | t| | ||
| 008 | 070719s1935 sp ||||1| spa d | ||
| 100 | 1 |
_aZweig, Stefan, _d1881-1942 _9118562 |
|
| 245 | 1 | 3 |
_aLa curación por el espíritu _b: Mesmer, M. Baker-Eddy, Freud / _cStefan Zweig ; versión directa del alemán por Francisco Payarols. |
| 250 | _a2ª ed. | ||
| 260 |
_aBarcelona : _bEdit. Apolo, _c1935 ( _fP. Yuste) |
||
| 600 | 1 | 4 |
_aEddy, Mary Baker. _9153343 |
| 700 | 1 |
_aPayarols, Francisco. _989715 |
|
| 852 |
_aES-MaACL _jA-4165 |
||
| 999 |
_c130131 _d130131 |
||